00265nam a2200097Ia 4500008004100000041000800041100001000049245007400059260001600133365001800149240703s9999 xx 000 0 und d aeng aArora aFinancial Risk Analytics: Measurement, Management And Examples In R  bWiley India cRS.b 829.00